Pokemon by Evolutions #1 - Statistics

General Stats
  • This quiz has been taken 18 times
  • The average score is 15 of 20
Answer Stats
Pokemon Evolution % Correct
Pikachu Raichu
100%
Ratatta Raticate
100%
Ekans Arbok
94%
Metapod Butterfree
94%
Magikarp Gyarados
94%
Oddish Gloom
88%
Psyduck Golduck
88%
Graveler Golem
88%
Onix Steelix
88%
Oshawott Dewott
75%
Houndor Houndoom
75%
Slugma Magcargo
75%
Magmar Magmortar
75%
Scyther Scizor
75%
Ledyba Ledian
69%
Lombre Ludicolo
69%
Sinistea Polteageist
56%
Cosmog Cosmoem
50%
Litten Torracat
50%
Naclistack Gargancl
13%
No matching quizzes found
Score Distribution
Percent of People with Each Score
Percentile by Number Answered
Your Score History
You have not taken this quiz